[Event "ARG-ch17 email"]
[Site "Argentina"]
[Date "2003.??.??"]
[Round "?"]
[White "Alvarez Villar, Horacio Nelson"]
[Black "Gimenez, Dante Manuel"]
[Result "1/2-1/2"]
[WhiteElo "2369"]
[BlackElo "2348"]
[PlyCount "62"]
[EventDate "2003.??.??"]
[EventType "tourn (corr)"]
[EventRounds "16"]
[EventCountry "ARG"]
[SourceTitle "Corr 2006"]
[Source "ChessBase"]
[SourceDate "2006.04.01"]
[SourceVersion "3"]
[SourceVersionDate "2006.04.01"]
[SourceQuality "1"]

1. e4 e5 2. Nf3 Nc6 3. Bc4 Bc5 4. c3 Nf6 5. d3 d6 6. 0-0 0-0 7. Bb3 h6 8. Nbd2 Re8 9. Re1 Be6 10. Nf1 Bb6 11. Be3 d5 12. Bxb6 axb6 13. Qc2 d4 14. Bxe6 Rxe6 15. Ng3 g6 16. Red1 Qd6 17. h3 Nd7 18. Ne2 Kg7 19. b4 dxc3 20. d4 Re7 21. dxe5 Qxb4 22. Nxc3 Qa3 23. Nd5 Nb4 24. Qxc7 Nxd5 25. Qxb7 Nf4 26. Rxd7 Nxh3+ 27. gxh3 Rxd7 28. Qxd7 Qxf3 29. e6 Ra5 30. Qxf7+ Qxf7 31. exf7 Kxf7 1/2-1/2

[Event "ARG-ch17 email"]
[Site "Argentina"]
[Date "2003.??.??"]
[Round "?"]
[White "Arias Duval, Gonzalo Carlos"]
[Black "Gimenez, Dante Manuel"]
[Result "0-1"]
[WhiteElo "2332"]
[BlackElo "2348"]
[PlyCount "108"]
[EventDate "2003.??.??"]
[EventType "tourn (corr)"]
[EventRounds "16"]
[EventCountry "ARG"]
[SourceTitle "Corr 2006"]
[Source "ChessBase"]
[SourceDate "2006.04.01"]
[SourceVersion "3"]
[SourceVersionDate "2006.04.01"]
[SourceQuality "1"]

1. e4 e5 2. Nf3 Nc6 3. Bb5 a6 4. Ba4 Nf6 5. 0-0 Be7 6. Re1 b5 7. Bb3 0-0 8. c3 d5 9. exd5 Nxd5 10. Nxe5 Nxe5 11. Rxe5 c6 12. d4 Bd6 13. Re1 Qh4 14. g3 Qh3 15. Be3 Bg4 16. Qd3 Rae8 17. Nd2 Re6 18. a4 Qh5 19. Qf1 f5 20. f4 Kh8 21. Bxd5 cxd5 22. axb5 axb5 23. Qxb5 Rh6 24. Nf1 Bf3 25. b3 g5 26. Ra6 Qg4 27. Ra2 gxf4 28. Bxf4 Bxf4 29. Re8 Rhf6 30. Raa8 Bh6 31. Qb8 Kg8 32. Qe5 Qg6 33. Rxf8+ Rxf8 34. Rxf8+ Kxf8 35. b4 Bg7 36. Qf4 Be4 37. Nd2 Bh6 38. Qb8+ Qe8 39. Qd6+ Kg7 40. Nxe4 Qxe4 41. h4 f4 42. Kh2 f3 43. Qc7+ Kg6 44. b5 f2 45. h5+ Kg5 46. Qf7 Qe2 47. Qf4+ Kxh5 48. g4+ Kg6 49. Qf5+ Kg7 50. Qd7+ Kf6 51. Qf5+ Ke7 52. Qxh7+ Kd8 53. Qg8+ Kc7 54. b6+ Kb7 0-1

[Event "ARG-ch17 email"]
[Site "Argentina"]
[Date "2003.??.??"]
[Round "?"]
[White "Gimenez, Dante Manuel"]
[Black "Cordoba, Hugo Feliciano"]
[Result "1/2-1/2"]
[WhiteElo "2348"]
[BlackElo "2558"]
[PlyCount "65"]
[EventDate "2003.??.??"]
[EventType "tourn (corr)"]
[EventRounds "16"]
[EventCountry "ARG"]
[SourceTitle "Corr 2006"]
[Source "ChessBase"]
[SourceDate "2006.04.01"]
[SourceVersion "3"]
[SourceVersionDate "2006.04.01"]
[SourceQuality "1"]

1. d4 Nf6 2. c4 e6 3. Nf3 d5 4. Nc3 Nbd7 5. cxd5 exd5 6. Bg5 c6 7. e3 Be7 8. Bd3 0-0 9. Qc2 Re8 10. h3 Nf8 11. 0-0 Ng6 12. Ne5 Nd7 13. Bxe7 Qxe7 14. f4 Ndxe5 15. dxe5 Bd7 16. Qf2 f5 17. Ne2 Rf8 18. Rac1 Rad8 19. Rfd1 b6 20. Bc2 a5 21. Bb3 Qf7 22. Rd2 Ne7 23. Nd4 c5 24. Nf3 Bc6 25. Rcd1 a4 26. Bc2 h6 27. Bd3 Qe6 28. Qe2 Ra8 29. a3 Rad8 30. Qe1 Rd7 31. Qe2 Rfd8 32. Rc1 Ng6 33. g3 1/2-1/2

[Event "Linskens Memorial-B corr"]
[Site "LADAC corr"]
[Date "1999.11.01"]
[Round "?"]
[White "Fraser, L."]
[Black "Gimenez, Dante Manuel"]
[Result "1/2-1/2"]
[WhiteElo "2420"]
[BlackElo "2385"]
[PlyCount "180"]
[EventDate "1999.??.??"]
[EventType "tourn (corr)"]
[EventRounds "9"]
[EventCountry "ARG"]
[SourceTitle "Corr 2024"]
[Source "ChessBase"]
[SourceDate "2023.10.19"]
[SourceVersion "1"]
[SourceVersionDate "2023.10.19"]
[SourceQuality "1"]

1. e4 e5 2. f4 d5 3. exd5 Qxd5 4. Nc3 Qa5 5. Qe2 Nc6 6. Nf3 Bg4 7. fxe5 0-0-0 8. Qb5 Qxb5 9. Bxb5 Bxf3 10. gxf3 Nxe5 11. Be2 Nf6 12. Rb1 Nc6 13. Rg1 Nd4 14. Kd1 g6 15. Bc4 Bd6 16. h4 Nd7 17. Bxf7 Ne5 18. Bd5 Nexf3 19. Rh1 Be7 20. h5 g5 21. d3 g4 22. Be3 Rhf8 23. Rf1 Rde8 24. Bxf3 Nxf3 25. Ne4 Bh4 26. a4 Rf5 27. h6 a5 28. Ke2 Ref8 29. Nd2 Bg5 30. Bxg5 Re8+ 31. Ne4 Rxg5 32. Kf2 Rg6 33. Kg3 Rxh6 34. Rh1 Rc6 35. c3 Re7 36. Rbd1 Rg6 37. Rh5 b6 38. Rf5 Kb7 39. Rf1 Rgg7 40. Rd1 Re6 41. b3 Ne5 42. Kf4 Nf7 43. Rg1 Reg6 44. d4 Nd6 45. Nxd6+ cxd6 46. Rg3 Kc6 47. c4 Kd7 48. Rh5 Rf6+ 49. Ke3 Re7+ 50. Kd3 Rg6 51. d5 Reg7 52. Rh4 Ke7 53. Ke3 Kf8 54. Kf2 h6 55. Ke3 Kg8 56. Ke2 Kh7 57. Kf2 Rg5 58. Re3 Rf5+ 59. Kg2 h5 60. Rh1 Kh6 61. Re8 Rgf7 62. Rh8+ Kg6 63. Rg8+ Kh7 64. Rd8 R7f6 65. Re8 Rf2+ 66. Kg3 R2f3+ 67. Kg2 R6f5 68. Re6 Rxb3 69. Rxd6 Kg7 70. Re6 Rb4 71. Rc6 Rxa4 72. d6 Ra2+ 73. Kg3 Ra3+ 74. Kg2 Re5 75. Rd1 Re2+ 76. Kg1 Rg3+ 77. Kh1 Rh3+ 78. Kg1 Rhh2 79. Rxb6 Reg2+ 80. Kf1 h4 81. Rb7+ Kf6 82. d7 Rh1+ 83. Kxg2 Rxd1 84. c5 h3+ 85. Kg3 Rd3+ 86. Kxg4 h2 87. Rb6+ Ke7 88. Rh6 Kxd7 89. Rxh2 Kc6 90. Ra2 Kb5 1/2-1/2

[Event "Antonio Pacini mem-B email"]
[Site "Brazil CXEB"]
[Date "1999.??.??"]
[Round "?"]
[White "Gimenez, Dante Manuel"]
[Black "Alves, Lair Valio"]
[Result "1/2-1/2"]
[WhiteElo "2385"]
[BlackElo "2324"]
[PlyCount "63"]
[EventDate "1999.??.??"]
[EventType "tourn (corr)"]
[EventRounds "14"]
[EventCountry "BRA"]
[EventCategory "6"]
[SourceTitle "Corr 2002"]
[Source "ChessBase"]
[SourceDate "2002.05.23"]
[SourceVersion "1"]
[SourceVersionDate "2002.05.23"]
[SourceQuality "1"]

1. d4 Nf6 2. c4 g6 3. Nc3 Bg7 4. e4 d6 5. Be2 0-0 6. Nf3 e5 7. d5 a5 8. Bg5 h6 9. Bh4 Na6 10. Nd2 Bd7 11. 0-0 Qe8 12. Kh1 Nh7 13. a3 h5 14. f3 Bf6 15. Bf2 Qe7 16. b3 Bh4 17. Bxh4 Qxh4 18. Nb5 f5 19. Qc2 Qf4 20. Qc3 Bxb5 21. cxb5 Nc5 22. g3 Qh6 23. exf5 gxf5 24. f4 Rae8 25. Rae1 exf4 26. gxf4 Nf6 27. b4 axb4 28. axb4 Nce4 29. Nxe4 Rxe4 30. Bd3 Rxf4 31. Bxf5 Kh8 32. Be6 1/2-1/2

[Event "Linskens mem-B corr"]
[Site "Argentina"]
[Date "1999.??.??"]
[Round "?"]
[White "Gimenez, Dante Manuel"]
[Black "Dias, Sergio Moreira Ferr"]
[Result "1/2-1/2"]
[WhiteElo "2385"]
[BlackElo "2379"]
[PlyCount "82"]
[EventDate "1999.11.01"]
[EventType "tourn (corr)"]
[EventRounds "14"]
[EventCountry "ARG"]
[SourceTitle "Corr 2006"]
[Source "ChessBase"]
[SourceDate "2006.04.01"]
[SourceVersion "3"]
[SourceVersionDate "2006.04.01"]
[SourceQuality "1"]

1. d4 Nf6 2. c4 e6 3. g3 d5 4. Nf3 Be7 5. Bg2 0-0 6. 0-0 dxc4 7. Qc2 a6 8. Qxc4 b5 9. Qc2 Bb7 10. Bf4 Nc6 11. Rd1 Nb4 12. Qc1 Rc8 13. Nc3 Nbd5 14. Nxd5 Bxd5 15. Be3 c6 16. Ne1 Bxg2 17. Kxg2 Nd5 18. Nd3 Nxe3+ 19. Qxe3 Qd5+ 20. f3 c5 21. dxc5 Bxc5 22. Nxc5 Qxc5 23. Qxc5 Rxc5 24. Rac1 Rxc1 25. Rxc1 Rd8 26. Kf2 Kf8 27. Ke3 Ke7 28. h4 e5 29. g4 Rd6 30. Rc8 h6 31. b3 Ke6 32. a3 Kf6 33. h5 Ke6 34. Ra8 Kf6 35. a4 bxa4 36. bxa4 Ke6 37. a5 Kf6 38. Ra7 Ke6 39. Rb7 Rd5 40. Rb6+ Rd6 41. Rxd6+ Kxd6 1/2-1/2

[Event "Antonio Pacini mem-B email"]
[Site "Brazil CXEB"]
[Date "1999.??.??"]
[Round "?"]
[White "Gimenez, Dante Manuel"]
[Black "Rivas Romero, Guillermo"]
[Result "1-0"]
[WhiteElo "2385"]
[BlackElo "2371"]
[PlyCount "120"]
[EventDate "1999.??.??"]
[EventType "tourn (corr)"]
[EventRounds "14"]
[EventCountry "BRA"]
[EventCategory "6"]
[SourceTitle "Corr 2002"]
[Source "ChessBase"]
[SourceDate "2002.05.23"]
[SourceVersion "1"]
[SourceVersionDate "2002.05.23"]
[SourceQuality "1"]

1. d4 e6 2. c4 Nf6 3. Nc3 Bb4 4. Qc2 0-0 5. e4 c5 6. dxc5 Nc6 7. Nf3 Bxc5 8. Be2 d5 9. cxd5 Nb4 10. Qb3 exd5 11. exd5 Nbxd5 12. Nxd5 Qxd5 13. Qxd5 Nxd5 14. 0-0 Bg4 15. Bg5 Rae8 16. Bb5 Re4 17. Rac1 Be7 18. Bxe7 Rxe7 19. Nd4 a6 20. Bc4 Nb6 21. f3 Rd8 22. fxg4 Rxd4 23. Rcd1 Rxd1 24. Rxd1 Rd7 25. Rxd7 Nxd7 26. g5 b5 27. Bd5 Nb6 28. Bb3 Kf8 29. Kf2 Ke7 30. Ke3 f6 31. gxf6+ Kxf6 32. Kd4 Ke7 33. Kc5 Nd7+ 34. Kc6 h6 35. Bd1 b4 36. Be2 a5 37. a3 g5 38. a4 Ne5+ 39. Kb6 Kd6 40. Kxa5 Kc5 41. Ka6 Kc6 42. a5 g4 43. b3 h5 44. Bb5+ Kc7 45. Be8 h4 46. Kb5 Kb7 47. Bh5 g3 48. hxg3 hxg3 49. Kxb4 Nd3+ 50. Kb5 Ka7 51. Be8 Nf4 52. Bc6 Nd3 53. b4 Ne5 54. Bd5 Nd3 55. Kc4 Ne5+ 56. Kd4 Nd7 57. b5 Nb8 58. Bc6 Na6 59. b6+ Kb8 60. Bb5 Nc7 1-0

[Event "Linskens mem-B corr"]
[Site "Argentina"]
[Date "1999.??.??"]
[Round "?"]
[White "Gimenez, Dante Manuel"]
[Black "Sanchez, Jose Julio"]
[Result "1/2-1/2"]
[WhiteElo "2385"]
[BlackElo "2308"]
[PlyCount "43"]
[EventDate "1999.11.01"]
[EventType "tourn (corr)"]
[EventRounds "14"]
[EventCountry "ARG"]
[SourceTitle "Corr 2006"]
[Source "ChessBase"]
[SourceDate "2006.04.01"]
[SourceVersion "3"]
[SourceVersionDate "2006.04.01"]
[SourceQuality "1"]

1. d4 Nf6 2. c4 e6 3. Nc3 Bb4 4. Qc2 d5 5. a3 Bxc3+ 6. Qxc3 dxc4 7. Qxc4 Nc6 8. Nf3 Qd5 9. Qxd5 Nxd5 10. e4 Nf6 11. Bd3 0-0 12. Bf4 Rd8 13. 0-0-0 Bd7 14. Kb1 Rac8 15. h4 Ng4 16. Bg3 Nf6 17. h5 h6 18. Bh4 Re8 19. Bxf6 gxf6 20. g4 Ne7 21. Rc1 Bc6 22. b4 1/2-1/2

[Event "Antonio Pacini mem-B email"]
[Site "Brazil CXEB"]
[Date "1999.??.??"]
[Round "?"]
[White "Hernaez Fernandez, Cecilio"]
[Black "Gimenez, Dante Manuel"]
[Result "0-1"]
[WhiteElo "2409"]
[BlackElo "2385"]
[PlyCount "84"]
[EventDate "1999.??.??"]
[EventType "tourn (corr)"]
[EventRounds "14"]
[EventCountry "BRA"]
[EventCategory "6"]
[SourceTitle "Corr 2002"]
[Source "ChessBase"]
[SourceDate "2002.05.23"]
[SourceVersion "1"]
[SourceVersionDate "2002.05.23"]
[SourceQuality "1"]

1. d4 Nf6 2. c4 e6 3. Nc3 Bb4 4. e3 b6 5. Nge2 Bb7 6. a3 Be7 7. d5 0-0 8. e4 exd5 9. cxd5 Re8 10. Ng3 d6 11. Be3 c6 12. Bc4 cxd5 13. Nxd5 Nxd5 14. Bxd5 Bxd5 15. Qxd5 Nd7 16. 0-0 Nf6 17. Qf5 g6 18. Qf3 Bf8 19. Rfe1 Bg7 20. Rad1 Rc8 21. Re2 Nd7 22. Bc1 Ne5 23. Qb3 Qe7 24. Red2 Rc5 25. Rd5 Rec8 26. Bf4 Qe6 27. Rxc5 dxc5 28. Qe3 Nc4 29. Qb3 Nxb2 30. Qxe6 fxe6 31. Rd7 c4 32. Ne2 a5 33. f3 Nd3 34. Bd2 Bf8 35. Bc3 b5 36. Kf1 b4 37. axb4 axb4 38. Bf6 e5 39. g4 Ra8 40. Rd8 Ra1+ 41. Kg2 Kf7 42. f4 Re1 0-1

[Event "Antonio Pacini mem-B email"]
[Site "Brazil CXEB"]
[Date "1999.??.??"]
[Round "?"]
[White "Lupo, Alfredo"]
[Black "Gimenez, Dante Manuel"]
[Result "1/2-1/2"]
[WhiteElo "2415"]
[BlackElo "2385"]
[PlyCount "48"]
[EventDate "1999.??.??"]
[EventType "tourn (corr)"]
[EventRounds "14"]
[EventCountry "BRA"]
[EventCategory "6"]
[SourceTitle "Corr 2002"]
[Source "ChessBase"]
[SourceDate "2002.05.23"]
[SourceVersion "1"]
[SourceVersionDate "2002.05.23"]
[SourceQuality "1"]

1. e4 e5 2. Nf3 Nc6 3. Bb5 a6 4. Ba4 Nf6 5. 0-0 Be7 6. Re1 b5 7. Bb3 0-0 8. a4 b4 9. d3 d6 10. Nbd2 Rb8 11. Nc4 Bg4 12. Ne3 Bxf3 13. Qxf3 Nd4 14. Qg3 Qd7 15. Qh4 Nd5 16. Qh5 Nf4 17. Qd1 c6 18. Ba2 Bf6 19. c3 Nde6 20. g3 Ng6 21. Bd2 bxc3 22. bxc3 Rfd8 23. Qh5 Nc5 24. Bc4 Nb3 1/2-1/2

[Event "Linskens mem-B corr"]
[Site "Argentina"]
[Date "1999.??.??"]
[Round "?"]
[White "Pesce, Leonardo Francisco"]
[Black "Gimenez, Dante Manuel"]
[Result "0-1"]
[WhiteElo "2391"]
[BlackElo "2385"]
[PlyCount "28"]
[EventDate "1999.11.01"]
[EventType "tourn (corr)"]
[EventRounds "14"]
[EventCountry "ARG"]
[SourceTitle "Corr 2006"]
[Source "ChessBase"]
[SourceDate "2006.04.01"]
[SourceVersion "3"]
[SourceVersionDate "2006.04.01"]
[SourceQuality "1"]

1. e4 e5 2. Nf3 Nc6 3. Bb5 a6 4. Ba4 Nf6 5. 0-0 Be7 6. Re1 b5 7. Bb3 0-0 8. a4 b4 9. d3 d6 10. c3 Rb8 11. Nbd2 Na5 12. Bxf7+ Rxf7 13. d4 Nd7 14. Nf1 bxc3 0-1